Most Dangerous Sharks To A Human - Statistics

General Stats
  • This quiz has been taken 448 times
  • The average score is 7 of 10
Answer Stats
# Shark % Correct
2 Great White Shark
98%
3 Tiger Shark
96%
1 Bull Shark
89%
8 Hammerhead Shark
77%
5 Shortfin Mako Shark
73%
4 Oceanic Whitetip Shark
68%
10 Lemon Shark
63%
9 Blue shark
61%
6 Grey Reef Shark
47%
7 Sand Tiger Shark
44%
No matching quizzes found
Score Distribution
Percent of People with Each Score
Percentile by Number Answered
Your Score History
You have not taken this quiz